000 00462pab a2200169 454500
008 180718b2010 xxu||||| |||| 00| 0 eng d
100 _aLee, Yeon-Ok
245 _aThe reconfiguration of is e-campaign practices in Korea: a case study of the presidential primaries of 2007
260 _c2010
300 _ap.29-53.
362 _aJan
650 _aElections
700 _aPark, Han Woo
773 _aInternational Sociology
908 _aN
909 _a85737
999 _c85737
_d85737